East Carolina Pirates Passing Leaders (Career) - Statistics

General Stats
  • This quiz has been taken 4 times
  • The average score is 2 of 10
Answer Stats
Passing Yards Career Player % Correct
1. 13,933 2018-2022 Holton Ahlers
67%
8. 5,133 1988-1991 Jeff Blake
67%
2. 11,991 2011-2014 Shane Carden
33%
10. 3,868 1994-1997 Dan Gonzalez
0%
3. 9,029 1998-2001 David Garrard
0%
6. 7,192 2010-2011 Dominique Davis
0%
4. 8,173 2003-2006 James Pinkney
0%
5. 7,198 1993-1996 Marcus Crandell
0%
7. 6,980 2007-2009 Patrick Pinkney
0%
9. 3,928 1986-1989 Travis Hunter
0%
No matching quizzes found
Score Distribution
Percent of People with Each Score
Percentile by Number Answered
Your Score History
You have not taken this quiz